Obchodovanie s akciami cez internet nie je vždy výhodnejšie ako cez telefón

Salvato in:
Dettagli Bibliografici
Autore principale: Kmeťko, Miroslav, 1969-
Natura: Capitolo di libro
Lingua:slovacco
Tags: Aggiungi Tag
Nessun Tag, puoi essere il primo ad aggiungerne!!

MARC

LEADER 00000naa a2200000 4500
001 0150841
005 20240502072716.3
041 0 |a slo 
044 |a SK 
245 1 0 |a Obchodovanie s akciami cez internet nie je vždy výhodnejšie ako cez telefón  |c Miroslav Kmeťko 
100 1 |a Kmeťko, Miroslav, 1969-